Computer Fundamentals and Programming in C (Record no. 11040)

MARC details
000 -LEADER
fixed length control field 00435nam a22001697a 4500
003 - CONTROL NUMBER IDENTIFIER
control field OSt
008 - FIXED-LENGTH DATA ELEMENTS--GENERAL INFORMATION
fixed length control field 201119b ||||| |||| 00| 0 eng d
020 ## - INTERNATIONAL STANDARD BOOK NUMBER
International Standard Book Number 9780199463732
082 ## - DEWEY DECIMAL CLASSIFICATION NUMBER
Classification number 004
Item number THC
100 ## - MAIN ENTRY--PERSONAL NAME
Personal name THAREJA, Reema
245 ## - TITLE STATEMENT
Title Computer Fundamentals and Programming in C
250 ## - EDITION STATEMENT
Edition statement 4th Imp 2nd Ed
260 ## - PUBLICATION, DISTRIBUTION, ETC. (IMPRINT)
Place of publication, distribution, etc New Delhi
Name of publisher, distributor, etc Oxford Uni. Press
Date of publication, distribution, etc 2020
300 ## - PHYSICAL DESCRIPTION
Extent 524
650 ## - SUBJECT ADDED ENTRY--TOPICAL TERM
Topical term or geographic name as entry element Bachelor of Commerce
942 ## - ADDED ENTRY ELEMENTS (KOHA)
Source of classification or shelving scheme Dewey Decimal Classification
Koha item type Text Books
942 ## - ADDED ENTRY ELEMENTS (KOHA)
-- 7
Holdings
Withdrawn status Lost status Source of classification or shelving scheme Damaged status Not for loan Collection code Home library Current library Date acquired Source of acquisition Currency Cost, normal purchase price Bill Number Total Checkouts Full call number Acc. no. / Barcode Date last seen Actual Cost, discounted price Bill Date Koha item type Date last borrowed
    Dewey Decimal Classification     B.Com PIET NCR College Library PIET NCR College Library 23/12/2021 Kirti Prakashan IN Rupees 625.00 IN3161   004 THC N2038 28/12/2021 425.00 23/12/2021 Reference Books  
    Dewey Decimal Classification     B.Com PIET NCR College Library PIET NCR College Library 23/12/2021 Kirti Prakashan IN Rupees 625.00 IN3161 2 004 THC N2039 23/02/2022 425.00 23/12/2021 Text Books 08/02/2022
    Dewey Decimal Classification     B.Com PIET NCR College Library PIET NCR College Library 23/12/2021 Kirti Prakashan IN Rupees 625.00 IN3161 1 004 THC N2040 03/05/2022 425.00 23/12/2021 Text Books 30/12/2021
    Dewey Decimal Classification     B.Com PIET NCR College Library PIET NCR College Library 23/12/2021 Kirti Prakashan IN Rupees 625.00 IN3161 2 004 THC N2041 14/03/2022 425.00 23/12/2021 Text Books 11/02/2022
    Dewey Decimal Classification     B.Com PIET NCR College Library PIET NCR College Library 23/12/2021 Kirti Prakashan IN Rupees 625.00 IN3161 2 004 THC N2042 01/04/2022 425.00 23/12/2021 Text Books 14/03/2022

Design & Developed by: PIET Central Library
R70 Miles Stone Pattikalyana Samalkha Panipat 132102
mail ID :- [email protected], Phone No:- 0180-2569700 Ex.216